Cities in Missouri - Sudden Death - Statistics

General Stats
  • This quiz has been taken 77 times
  • The average score is 6 of 14
Answers on the Grid
Answers color-coded by a green-red scale on the quiz's grid according to % correct below.
Alder
Alpine
Blue Springs
Cavetown
Columbia
Dos Peros
Florissant
Fredericksburg
Fremont
Hazelwood
Independence
Jackson
Jefferson City
Johnson
Kansas City
Kirkland
Maryland Heights
Nancy
Oakville
Oregon
Pike
Springfield
St. Louis
St. Charles
St. Jack
University City
Village of Four Seasons
Wayne
 
Answer Stats
Answer % Correct
Jefferson City
71%
Columbia
67%
Kansas City
67%
St. Louis
67%
Springfield
57%
Hazelwood
43%
Independence
43%
St. Charles
38%
Blue Springs
33%
University City
33%
Florissant
24%
Maryland Heights
24%
Oregon
5%
Village of Four Seasons
5%
No matching quizzes found
Score Distribution
Percent of People with Each Score
Percentile by Number Answered
Your Score History
You have not taken this quiz